<?xml version="1.0" encoding="UTF-8"?><?xml-stylesheet type="text/xsl" href="static/style.xsl"?><OAI-PMH xmlns="http://www.openarchives.org/OAI/2.0/" xmlns:xsi="http://www.w3.org/2001/XMLSchema-instance" xsi:schemaLocation="http://www.openarchives.org/OAI/2.0/ http://www.openarchives.org/OAI/2.0/OAI-PMH.xsd"><responseDate>2026-04-27T12:34:29Z</responseDate><request verb="GetRecord" identifier="oai:uvadoc.uva.es:10324/56577" metadataPrefix="marc">https://uvadoc.uva.es/oai/request</request><GetRecord><record><header><identifier>oai:uvadoc.uva.es:10324/56577</identifier><datestamp>2022-10-27T19:00:33Z</datestamp><setSpec>com_10324_1689</setSpec><setSpec>com_10324_954</setSpec><setSpec>com_10324_894</setSpec><setSpec>col_10324_1690</setSpec></header><metadata><record xmlns="http://www.loc.gov/MARC21/slim" xmlns:doc="http://www.lyncode.com/xoai" xmlns:xsi="http://www.w3.org/2001/XMLSchema-instance" xmlns:dcterms="http://purl.org/dc/terms/" xsi:schemaLocation="http://www.loc.gov/MARC21/slim http://www.loc.gov/standards/marcxml/schema/MARC21slim.xsd">
<leader>00925njm 22002777a 4500</leader>
<datafield tag="042" ind1=" " ind2=" ">
<subfield code="a">dc</subfield>
</datafield>
<datafield tag="720" ind1=" " ind2=" ">
<subfield code="a">Navarro Hevia, Joaquín</subfield>
<subfield code="e">author</subfield>
</datafield>
<datafield tag="720" ind1=" " ind2=" ">
<subfield code="a">Sáiz Rojo, Asier</subfield>
<subfield code="e">author</subfield>
</datafield>
<datafield tag="260" ind1=" " ind2=" ">
<subfield code="c">2005</subfield>
</datafield>
<datafield tag="520" ind1=" " ind2=" ">
<subfield code="a">Durante as últimas décadas estanse practicando nos chamados países desenvolvidos técnicas e métodos de traballo que perseguen a restauración de ríos e ribeiras degradadas para recuperar os valores naturais, paisaxísticos e de ocio que antano ofrecían á humanidade. Os sistemas ribeiriños á vez que nos achegan valores estéticos, socioculturais, históricos e ecolóxicos, controlan a erosión e as escorrentías nas marxes, incrementan a súa estabilidade e proporcionan un sistema natural de defensa contra avenidas. Tamén melloran a calidade das augas ao conformar unha barreira filtrante fronte a pesticidas e fertilizantes; conservan intactos os frezadeiros das nosas especies piscícolas entre outras. Existe hoxe en día unha corrente mundial no ámbito da restauración de ecosistemas perturbados cuxo obxectivo principal consiste na recuperación dos ecosistemas en relación a un nivel axeitado de saúde, integridade e sustentabilidade, é que se denomina como Restauración Ecolóxica</subfield>
</datafield>
<datafield tag="024" ind2=" " ind1="8">
<subfield code="a">Adega cadernos, Nº. 15, 2005, págs. 39-48</subfield>
</datafield>
<datafield tag="024" ind2=" " ind1="8">
<subfield code="a">1137-0262</subfield>
</datafield>
<datafield tag="024" ind2=" " ind1="8">
<subfield code="a">https://uvadoc.uva.es/handle/10324/56577</subfield>
</datafield>
<datafield tag="024" ind2=" " ind1="8">
<subfield code="a">39</subfield>
</datafield>
<datafield tag="024" ind2=" " ind1="8">
<subfield code="a">15</subfield>
</datafield>
<datafield tag="024" ind2=" " ind1="8">
<subfield code="a">48</subfield>
</datafield>
<datafield tag="024" ind2=" " ind1="8">
<subfield code="a">Adega cadernos</subfield>
</datafield>
<datafield ind1=" " ind2=" " tag="653">
<subfield code="a">Hidrología Ecología de los cursos de agua</subfield>
</datafield>
<datafield ind1=" " ind2=" " tag="653">
<subfield code="a">Cursos de Agua - España</subfield>
</datafield>
<datafield ind1=" " ind2=" " tag="653">
<subfield code="a">Cursos de agua - España - Galicia</subfield>
</datafield>
<datafield ind1=" " ind2=" " tag="653">
<subfield code="a">Medio ambiente - Protección</subfield>
</datafield>
<datafield ind1=" " ind2=" " tag="653">
<subfield code="a">Diversidad biológica</subfield>
</datafield>
<datafield ind1=" " ind2=" " tag="653">
<subfield code="a">Biodiversidad</subfield>
</datafield>
<datafield tag="245" ind1="0" ind2="0">
<subfield code="a">Métodos de restauración de ecosistemas fluviais</subfield>
</datafield>
</record></metadata></record></GetRecord></OAI-PMH>